| 000 | 01046nas a2200325 4500 | ||
|---|---|---|---|
| 001 | BR0202757 | ||
| 003 | BR-BrBNA | ||
| 005 | 20231205103015.0 | ||
| 007 | ta | ||
| 008 | 230509b bl.|||p| |||| 00| 00por d | ||
| 040 |
_aBR-BrBNA _bpor _cBiblioteca Nacional de Agricultura |
||
| 041 | _a(Pt) | ||
| 072 | _aL51 | ||
| 100 | 1 | _aMolina, L.R. | |
| 100 | 1 | _aGonçalves, L.C. | |
| 100 | 1 | _aRodriguez, N.M. | |
| 100 | 1 | _aRodrigues, J.A.S. | |
| 100 | 1 | _aFerreira, J.J. | |
| 100 | 1 | _aCastro Neto, A.G. de | |
| 245 | 1 | _aDegradabilidade in situ da matéria seca e proteína bruta das silagens de seis genótipos de sorgo (Sorghum bicolor (L.)Moench)em diferentes estádios de maturação | |
| 650 | _aNOVILHO | ||
| 650 | _aSORGO GRANÍFERO | ||
| 650 | _aMATÉRIA SECA | ||
| 650 | _aPROTEÍNA BRUTA | ||
| 650 | _aSILAGEM | ||
| 650 | _aDIGESTÃO | ||
| 773 | 0 |
_tRevista Brasileira de Zootecnia (Brazil) _xISSN 1516-3598 _g(Jan-Feb 2002), v. 31(1) p. 148-156 _wBR0202757 |
|
| 909 |
_a202311 _bLúcia _c55 _dLúcia Elande |
||
| 942 |
_2AGRIS _n0 _cANA |
||
| 999 |
_c170532 _d170532 |
||